<?xml version="1.0" encoding="UTF-8"?>
<record
    xmlns:xsi="http://www.w3.org/2001/XMLSchema-instance"
    xsi:schemaLocation="http://www.loc.gov/MARC21/slim http://www.loc.gov/standards/marcxml/schema/MARC21slim.xsd"
    xmlns="http://www.loc.gov/MARC21/slim">

  <leader>00873cam a22002291i 4500</leader>
  <controlfield tag="001">e  15001807 </controlfield>
  <controlfield tag="003">DLC</controlfield>
  <controlfield tag="005">20260227111204.0</controlfield>
  <controlfield tag="008">780417s1915    fr            100 0 fre c</controlfield>
  <datafield tag="010" ind1=" " ind2=" ">
    <subfield code="a">e  15001807 </subfield>
  </datafield>
  <datafield tag="035" ind1=" " ind2=" ">
    <subfield code="a">(OCoLC)3805460</subfield>
  </datafield>
  <datafield tag="040" ind1=" " ind2=" ">
    <subfield code="a">Library, U. S. Bur. of Education</subfield>
    <subfield code="c">DNIE</subfield>
    <subfield code="d">DLC</subfield>
  </datafield>
  <datafield tag="042" ind1=" " ind2=" ">
    <subfield code="a">premarc</subfield>
  </datafield>
  <datafield tag="050" ind1="0" ind2="0">
    <subfield code="a">D639.E45</subfield>
    <subfield code="b">B8</subfield>
  </datafield>
  <datafield tag="100" ind1="1" ind2=" ">
    <subfield code="a">Buisson, F. E.</subfield>
    <subfield code="q">(Ferdinand Edouard),</subfield>
    <subfield code="d">1841-1932.</subfield>
  </datafield>
  <datafield tag="245" ind1="1" ind2="3">
    <subfield code="a">La France et l'&#xE9;cole :</subfield>
    <subfield code="b">pendant la guerre--apr&#xE8;s la guerre : Conf&#xE9;rence faite &#xE0; la Ligue de l'enseignement /</subfield>
    <subfield code="c">par M. Ferdinand Buisson ; sous la pr&#xE9;sidence de M. paul Deschanel.</subfield>
  </datafield>
  <datafield tag="260" ind1=" " ind2=" ">
    <subfield code="a">[Paris] :</subfield>
    <subfield code="b">Comit&#xE9; du secours national,</subfield>
    <subfield code="c">[1915]</subfield>
  </datafield>
  <datafield tag="300" ind1=" " ind2=" ">
    <subfield code="a">32 p.</subfield>
  </datafield>
  <datafield tag="500" ind1=" " ind2=" ">
    <subfield code="a">"Conf&#xE9;rence faite le lundi 29 mars, 1915, &#xE0; la Ligue de l'enseignement."--p. [5]</subfield>
  </datafield>
  <datafield tag="650" ind1=" " ind2="0">
    <subfield code="a">Education</subfield>
    <subfield code="z">France.</subfield>
  </datafield>
  <datafield tag="650" ind1=" " ind2="0">
    <subfield code="a">World War, 1914-1918.</subfield>
  </datafield>
  <datafield tag="999" ind1=" " ind2=" ">
    <subfield code="c">19863</subfield>
    <subfield code="d">19863</subfield>
  </datafield>
</record>
